Statistics for Bald-hairy sequence leaders

Click here to take the quiz!

General Stats

  • This quiz has been taken 13 times
  • The average score is 9 of 16

Answer Stats

Years of ruleAnswer% Correct
1917-1924Vladimir Lenin
100%
2000-08Vladimir Putin
100%
1924-53Joseph Stalin
92%
1985-91Mikhail Gorbachev
92%
1991-99Boris Yeltsin
85%
1825-55Nicholas I
85%
1894-1917Nicholas II
85%
1855-81Alexander II
54%
1881-94Alexander III
54%
2008-12Dmitry Medvedev
54%
1964-82Leonid Brezhnev
38%
1953-64Nikita Khrushchev
38%
1982-84Yuri Andropov
31%
1984-85Konstantin Chernenko
23%
1917Alexander Kerensky
8%
1917Georgy Lvov
8%

Score Distribution

Percentile by Number Answered

Percent of People with Each Score

Your Score History

You have not taken this quiz